000 00516nam a2200193 a 4500
005 20240605063903.0
008 991125s1979 mx 000 0 spa u
035 _aUPN01000055629
049 _aF
050 4 _aLB1027
_bT4.31
245 0 0 _aTécnica de estudio supervisado.
260 _aMéxico :
_bARMO,
_c1979.
300 _a12 p. :
_bil.
500 _aDatos tomados de la cubierta
650 4 _aEnseñanza
_xMetodología
_97684
650 4 _aMétodos de estudio
_94280
905 _aLibro
999 _c55629
_d55629